| 000 | 00383nam a2200133Ia 4500 | ||
|---|---|---|---|
| 003 | GCL | ||
| 008 | 140319s9999 xx 000 0 ara d | ||
| 040 |
_aGCL / _cGCL |
||
| 082 | 0 | 4 |
_a412 _bع ا |
| 245 | 1 | 0 | _aالاصمعى اللغوى: صورة عراقية فى القرن الثانى الهجرى |
| 260 |
_a[S.N] : _bدار المعارف ، _c1982 |
||
| 300 | _a258 | ||
| 490 | _a | ||
| 999 |
_c54984 _d54984 |
||